[Event "HokkaidoChessCh2023"]
[Site "?"]
[Date "2023.03.26"]
[Round "5.5"]
[White "Furuse, Mizuki"]
[Black "Yoshii, Yukihiko"]
[Result "0-1"]
[WhiteElo "922"]
[BlackElo "1699"]
[PlyCount "106"]
[SourceDate "2023.03.26"]

1. e4 e5 2. Nf3 Nc6 3. Bb5 a6 4. Bxc6 dxc6 5. O-O Bg4 6. h3 Bxf3 7. Qxf3 Nf6 8.
d3 Be7 9. Nc3 O-O 10. Be3 Re8 11. Rad1 c5 12. Rfe1 c6 13. Ne2 Qc7 14. Ng3 g6
15. Bg5 Kg7 16. c3 h6 17. Bxf6+ Bxf6 18. Ne2 Rad8 19. Qg3 Qe7 20. Qf3 Rd7 21.
Qe3 Red8 22. Qd2 c4 23. d4 exd4 24. Nxd4 Bxd4 25. cxd4 Rxd4 26. Qxd4+ Rxd4 27.
Rxd4 b5 28. f3 Qb4 29. Rb1 Qa4 30. a3 Qc2 31. Rdd1 a5 32. Rdc1 Qd3 33. Rd1 Qe3+
34. Kf1 h5 35. Rbc1 a4 36. Rc3 Qc5 37. Ke2 h4 38. Rd2 Qg5 39. Kd1 Qc5 40. Ke2
Qg1 41. Rd7 Qxg2+ 42. Ke3 Qxb2 43. Kd4 Qd2+ 44. Kc5 Qxc3 45. Rd4 Qe3 46. e5
Qxe5+ 47. Kb4 Qxd4 48. f4 c3+ 49. Ka5 c2 50. Ka6 c1=Q 51. Kb7 Qdxf4 52. Ka6 Qb8
53. Ka5 Qc3+ 0-1

[Event "HokkaidoChessCh2023"]
[Site "?"]
[Date "2023.03.26"]
[Round "5.6"]
[White "Ito, Katsuhide"]
[Black "Al Jbarat, Thamer"]
[Result "0-1"]
[WhiteElo "1233"]
[BlackElo "1309"]
[PlyCount "34"]
[SourceDate "2023.03.26"]

1. e4 e6 2. d4 c5 3. c3 Nf6 4. Bd3 Be7 5. e5 Nd5 6. Nf3 Qb6 7. O-O Nc6 8. Bc2
h5 9. h3 Rg8 10. a3 g5 11. Re1 g4 12. hxg4 hxg4 13. Nh2 cxd4 14. Nxg4 dxc3 15.
Nxc3 Nxc3 16. bxc3 Qa5 17. Qf3 b6 0-1